00217nam a2200085Ia 4500008004100000041000800041100001600049245004100065260002500106230508s1995 xx 000 0 und d aeng aKALPAK JAIN aMANUFACTURING ENGG. & TECHNOLOGY III bADDISON WESLEYc1995